Študijný program Podnikovohospodárskej fakulty v Košiciach Ekonomickej univerzity v Bratislave akademický rok ...
| New Title: | Sprievodca štúdiom na Podnikovohospodárskej fakulte Ekonomickej univerzity v Bratislave so sídlom v Košiciach |
|---|---|
| Corporate Author: | |
| Other Authors: | , , |
| Format: | Serial |
| Language: | Slovak |
| PhysicalDescription: | 15 zv. tab. 21 cm |
| Published: |
V Bratislave
Podnikohovospodárska fakulta v Košiciach
1992-2006
V Bratislave Vydavateľstvo Ekonóm Rektorát Ekonomickej univerzity Bratislava |
| ISBN: | 8022515817 (brož. : r. 2002/2003) 8022517291 (brož. : r. 2003/2004) 802251876X (brož. : r. 2004/2005) 8022520586 (brož. : r. 2005/2006) 8022522104 (brož. : r. 2006/2007) 8022505447 (brož. : r. 1993/1994) 8022510386 (brož. : r. 1998/1999) 8022511595 (brož. : r. 1999/2000) 8022514322 (brož. : r. 2001/2002) 8022507938 (brož. : r. 1996/1997) 8022508977 (brož. : r. 1997/1998) 8022512974 (brož. : r. 2000/2001) 802250436X (brož. : r. 1992/1993) 8022506249 (brož. : r. 1994/1995) |
| Subjects: |
MARC
| LEADER | 00000cas a2200000 a 4500 | ||
|---|---|---|---|
| 001 | vtls001471525 | ||
| 003 | SK-MaSNL | ||
| 005 | 20260228160805.0 | ||
| 008 | 040322d19922006xo ar 0 0b0slo | ||
| 015 | |a SNBE1996/0201297 (r. 1993/1994) |a SNBE1996/02-01295 (r. 1996/1997) |a SNBE1998/01-00192 (r. 1997/1998) |a SNBE1999/01-00501 (r. 1998/1999) |a SNBE2000/04-01470 (r. 1999/2000) |a SNBE2002/01-00336 (r. 2000/2001) |a SNBE2002/02-00819 (r. 2001/2002) |a SNBB2005/03-00665 (r. 2002/2003) | ||
| 020 | |a 8022515817 (brož. : r. 2002/2003) | ||
| 020 | |a 8022517291 (brož. : r. 2003/2004) | ||
| 020 | |a 802251876X (brož. : r. 2004/2005) | ||
| 020 | |a 8022520586 (brož. : r. 2005/2006) | ||
| 020 | |a 8022522104 (brož. : r. 2006/2007) | ||
| 020 | |a 8022505447 (brož. : r. 1993/1994) | ||
| 020 | |a 8022510386 (brož. : r. 1998/1999) | ||
| 020 | |a 8022511595 (brož. : r. 1999/2000) | ||
| 020 | |a 8022514322 (brož. : r. 2001/2002) | ||
| 020 | |a 8022507938 (brož. : r. 1996/1997) | ||
| 020 | |a 8022508977 (brož. : r. 1997/1998) | ||
| 020 | |a 8022512974 (brož. : r. 2000/2001) | ||
| 020 | |a 802250436X (brož. : r. 1992/1993) | ||
| 020 | |a 8022506249 (brož. : r. 1994/1995) | ||
| 035 | |a SNK000426828 | ||
| 040 | |a SNK |b slo |c SNK |e AACR2 | ||
| 041 | 0 | |a slo | |
| 043 | |a e-xo--- | ||
| 044 | |a xo |c SK | ||
| 072 | 7 | |a 378 |x Vysoké školy |2 konspekt | |
| 080 | |a 33 |2 2011 | ||
| 080 | |a 658 |2 2011 | ||
| 080 | |a 37.091.3 |2 2011 | ||
| 080 | |a (437.672) |2 2011 | ||
| 080 | |a (036) |2 2011 | ||
| 080 | |a 378.6:33 |2 2001 | ||
| 080 | |a (073) |2 2011 | ||
| 080 | |a (058) |2 2011 | ||
| 080 | |a 050 |2 2011 | ||
| 110 | 2 | |a Ekonomická univerzita v Bratislave. |b Podnikovohospodárska fakulta v Košiciach | |
| 245 | 1 | 0 | |a Študijný program Podnikovohospodárskej fakulty v Košiciach Ekonomickej univerzity v Bratislave |b akademický rok ... |
| 246 | 1 | 3 | |a Študijný program Podnikovohospodárskej fakulty v Košiciach ... |
| 246 | 1 | 3 | |a Študijné programy Podnikovohospodárskej fakulty so sídlom v Košiciach ... |f 2005/2006-2006/2007 |
| 246 | 1 | 3 | |a Študijný program Podnikovohospodárskej fakulty so sídlom v Košiciach ... |
| 260 | |a V Bratislave |b Podnikohovospodárska fakulta v Košiciach |c 1992-2006 | ||
| 260 | 2 | |3 1994-? |a V Bratislave |c Rektorát Ekonomickej univerzity | |
| 260 | 3 | |3 ?-2006 |a Bratislava |b Vydavateľstvo Ekonóm | |
| 300 | |a 15 zv. |b tab. |c 21 cm | ||
| 310 | |a 1x ročne | ||
| 362 | 0 | |a 1992/1993-2006/2007 | |
| 500 | |a Názov z obalu | ||
| 500 | |a Súčasťou názvu je označenie akademického roku | ||
| 500 | |a Zostavili: ?-2004/2005, Juraj Neufeld ; ?-2006/2007, Elena Kordošová ; 2005/2006-2006/2007, Alena Daňková | ||
| 650 | 0 | 7 | |a vysoké školy ekonomické |2 SNKPH |9 67405 |
| 650 | 0 | 7 | |a ekonómia |2 SNKPH |9 788 |
| 650 | 0 | 7 | |a podniková ekonomika |2 SNKPH |9 3955 |
| 650 | 0 | 7 | |a štúdium a výučba |2 SNKPH |9 3982 |
| 650 | 0 | 7 | |a Economics |2 SNKPHeng |9 265310 |
| 650 | 0 | 7 | |a Managerial economics |2 SNKPHeng |9 267336 |
| 650 | 0 | 7 | |a Study and teaching |2 SNKPHeng |9 265408 |
| 650 | 0 | 7 | |a Universities of economics |2 SNKPHeng |9 267333 |
| 651 | 7 | |a Košice (Slovensko) |2 SNKPH |9 18694 | |
| 651 | 7 | |a Košice (Slovakia) |2 SNKPHeng |9 265902 | |
| 655 | 7 | |a študijné programy |2 SNKPH |9 265409 | |
| 655 | 7 | |a informačné publikácie |2 SNKPH |9 70181 | |
| 655 | 7 | |a ročenky |2 SNKPH |9 57146 | |
| 655 | 7 | |a Study programs |2 SNKPHeng |9 265536 | |
| 655 | 7 | |a Information publications |2 SNKPHeng |9 265188 | |
| 655 | 7 | |a Yearbooks |2 SNKPHeng |9 120938 | |
| 700 | 1 | |a Neufeld, Juraj |4 com |9 9520 | |
| 700 | 1 | |a Kordošová, Elena |4 com |9 44913 | |
| 700 | 1 | |a Daňková, Alena |4 com |9 9710 | |
| 752 | |a Slovensko |d Bratislava | ||
| 785 | 0 | 0 | |t Sprievodca štúdiom na Podnikovohospodárskej fakulte Ekonomickej univerzity v Bratislave so sídlom v Košiciach |w vtls011842274 |
| 910 | |a snk | ||
| 919 | |a 80-225-0436-X | ||
| 919 | |a 80-225-0544-7 | ||
| 919 | |a 80-225-0624-9 | ||
| 919 | |a 80-225-0793-8 | ||
| 919 | |a 80-225-0897-7 | ||
| 919 | |a 80-225-1038-6 | ||
| 919 | |a 80-225-1159-5 | ||
| 919 | |a 80-225-1297-4 | ||
| 919 | |a 80-225-1432-2 | ||
| 919 | |a 80-225-1581-7 | ||
| 919 | |a 80-225-1729-1 | ||
| 919 | |a 80-225-1876-X | ||
| 919 | |a 80-225-2058-6 | ||
| 919 | |a 80-225-2210-4 | ||
| 999 | |c 3605 |d 5535 | ||
| 952 | |0 0 |1 0 |4 0 |7 1 |8 0 |a SNK |b SNK |d 2005-12-06 |i snk2005/20768 |l 0 |o snkČSD 781/E/2005-2006 |p 17A0477707 |r 2026-02-21 19:30:00 |w 2026-02-21 |y NEVYP |z Vydané v r. 2005 | ||
| 952 | |0 0 |1 0 |4 0 |7 0 |8 0 |a SNK |b SNK |d 2005-12-06 |i snk2005/20769 |l 0 |o snkČSD 781/E/2005-2006 D1 |p 17A0477708 |r 2026-02-21 19:30:00 |w 2026-02-21 |y PREZ | ||
| 952 | |0 0 |1 0 |4 0 |7 0 |a SNK |b SNK |d 2004-09-24 |i snkPV 1323/2004 |l 0 |o snkČSD 781/E/2003-2004 D1 |p 17A0431672 |r 2005-01-02 00:00:00 |w 2026-02-21 |y PREZ | ||
| 952 | |0 0 |1 0 |4 0 |7 0 |a SNK |b SNK |d 2004-03-22 |i snkPV 196/2004 |l 0 |o snkČSD 781/E/2002-2003 |p 17A0416079 |r 2005-01-02 00:00:00 |w 2026-02-21 |y PREZ | ||
| 952 | |0 0 |1 0 |4 0 |7 0 |a SNK |b SNK |d 2004-03-22 |i snkPV 197/2004 |l 0 |o snkČSD 781/E/2002-2003 D1 |p 17A0416080 |r 2005-01-02 00:00:00 |w 2026-02-21 |y PREZ | ||
| 952 | |0 0 |1 0 |4 0 |7 0 |a SNK |b SNK |d 2004-09-24 |i snkPV 1322/2004 |l 0 |o snkČSD 781/E/2003-2004 |p 17A0431671 |r 2005-01-02 00:00:00 |w 2026-02-21 |y PREZ | ||
| 952 | |0 0 |1 0 |4 0 |7 0 |a SNK |b SNK |d 2004-10-25 |i snkPV 1445/2004 |l 0 |o snkČSD 781/E/2004-2005 |p 17A0431798 |r 2005-01-02 00:00:00 |w 2026-02-21 |y PREZ |z Vydané v r. 2004 | ||
| 952 | |0 0 |1 0 |4 0 |7 0 |a SNK |b SNK |d 2004-10-25 |i snkPV 1446/2004 |l 0 |o snkČSD 781/E/2004-2005 D1 |p 17A0431799 |r 2005-01-02 00:00:00 |w 2026-02-21 |y PREZ | ||
| 952 | |0 0 |1 0 |4 0 |7 0 |a SNK |b SNK |d 1996-11-20 |i snk4115/961122 |l 0 |o snkC 3135 |r 2005-01-01 00:00:00 |t R. 1996-1997 |w 2026-02-21 |y NEVYP | ||
| 952 | |0 0 |1 0 |4 0 |7 0 |a SNK |b SNK |d 1996-11-20 |i snkKSP 10022/96 |l 0 |o snkČSD 781/E/1996-1997 |p 17A0080873 |r 2005-01-01 00:00:00 |w 2026-02-21 |y PREZ | ||
| 952 | |0 0 |1 0 |4 0 |7 0 |8 0 |a SNK |b SNK |d 2006-10-05 |i snk2006/19977 |l 0 |o snkČSD 781/E/2006-2007 |p 17A0502834 |r 2026-02-21 20:18:20 |w 2026-02-21 |y PREZ |z Vydané v r. 2006 | ||
| 952 | |0 0 |1 0 |4 0 |7 0 |8 0 |a SNK |b SNK |d 2006-10-05 |i snk2006/19978 |l 0 |o snkČSD 781/E/2006-2007 D1 |p 17A0502835 |r 2026-02-21 20:18:20 |w 2026-02-21 |y PREZ | ||
| 952 | |0 0 |1 0 |4 0 |7 0 |a SNK |b SNK |d 2000-08-25 |i snkKSP 8843/2000 |l 0 |o snkČSD 781/E/1999-2000 |p 17A0257365 |r 2005-01-02 00:00:00 |w 2026-02-21 |y PREZ | ||
| 952 | |0 0 |1 0 |4 0 |7 0 |a SNK |b SNK |d 2000-08-25 |i snkKSP 8844/2000 |l 0 |o snkČSD 781/E/1999-2000 D1 |p 17A0249342 |r 2005-01-02 00:00:00 |w 2026-02-21 |y PREZ | ||
| 952 | |0 0 |1 0 |4 0 |7 0 |a SNK |b SNK |d 1998-02-09 |i snk208/980210 |l 0 |o snkD 27 |r 2005-01-02 00:00:00 |t R. 1997-1998 |w 2026-02-21 |y NEVYP | ||
| 952 | |0 0 |1 0 |4 0 |7 0 |a SNK |b SNK |d 1998-02-09 |i snkKSP 1318/98 |l 0 |o snkČSD 781/E/1997-1998 |p 17A0122169 |r 2005-01-02 00:00:00 |w 2026-02-21 |y PREZ | ||
| 952 | |0 0 |1 0 |4 0 |7 0 |a SNK |b SNK |d 1998-02-09 |i snkKSP 1319/98 |l 0 |o snkČSD 781/E/1997-1998 D1 |p 17A0122170 |r 2005-01-02 00:00:00 |w 2026-02-21 |y PREZ | ||
| 952 | |0 0 |1 0 |4 0 |7 0 |a SNK |b SNK |d 2001-04-23 |i snkKSP 5575/2001 |l 0 |o snkČSD 781/E/2000-2001 |p 17A0298112 |r 2005-01-02 00:00:00 |w 2026-02-21 |y PREZ | ||
| 952 | |0 0 |1 0 |4 0 |7 0 |a SNK |b SNK |d 2001-04-23 |i snkKSP 5576/2001 |l 0 |o snkČSD 781/E/2000-2001 D1 |p 17A0298113 |r 2005-01-02 00:00:00 |w 2026-02-21 |y PREZ | ||
| 952 | |0 0 |1 0 |4 0 |7 0 |8 1 |a SNK |b SNK |d 1996-11-05 |i snkD 1159/96 |l 0 |o snkČSD 781/E/1993-1994 |p 17A0080879 |r 2005-01-01 00:00:00 |w 2026-02-21 |y PREZ | ||
| 952 | |0 0 |1 0 |4 0 |7 0 |8 1 |a SNK |b SNK |d 1996-11-05 |i snkD 1160/96 |l 0 |o snkČSD 781/E/1993-1994 D1 |p 17A0016766 |r 2005-01-01 00:00:00 |w 2026-02-21 |y PREZ | ||
| 952 | |0 0 |1 0 |4 0 |7 0 |a SNK |b SNK |d 1996-11-20 |i snkKSP 10023/96 |l 0 |o snkČSD 781/E/1996-1997 D1 |p 17A0022278 |r 2005-01-01 00:00:00 |w 2026-02-21 |y PREZ | ||
| 952 | |0 0 |1 0 |4 0 |7 0 |a SNK |b SNK |d 2002-02-27 |i snkKSP 2455/2002 |l 0 |o snkČSD 781/E/2001-2002 |p 17A0334860 |r 2005-01-02 00:00:00 |w 2026-02-21 |y PREZ | ||
| 952 | |0 0 |1 0 |4 0 |7 0 |a SNK |b SNK |d 2002-02-27 |i snkKSP 2456/2002 |l 0 |o snkČSD 781/E/2001-2002 D1 |p 17A0334861 |r 2005-01-02 00:00:00 |w 2026-02-21 |y PREZ | ||
| 952 | |0 0 |1 0 |4 0 |7 0 |a SNK |b SNK |d 1999-03-10 |i snkKSP 2469/99 |l 0 |o snkČSD 781/E/1998-1999 |p 17A0220778 |r 2005-01-02 00:00:00 |w 2026-02-21 |y PREZ | ||
| 952 | |0 0 |1 0 |4 0 |7 0 |a SNK |b SNK |d 1999-03-10 |i snkKSP 2470/99 |l 0 |o snkČSD 781/E/1998-1999 D1 |p 17A0183809 |r 2005-01-02 00:00:00 |w 2026-02-21 |y PREZ | ||
| 952 | |0 0 |1 0 |4 0 |7 0 |a SNK |b SNK |d 2019-02-20 |i snkKSP 1184/93 |l 0 |o snkČSD 781/E/1992-1993 |p 17A0828962 |r 2026-02-21 22:28:09 |w 2026-02-21 |y PREZ | ||
| 952 | |0 0 |1 0 |4 0 |7 0 |a SNK |b SNK |d 2019-02-20 |i snkKSP 9398/94 |l 0 |o snkČSD 781/E/1994-1995 |p 17A0828969 |r 2026-02-21 22:28:09 |w 2026-02-21 |y PREZ | ||


